Programování ve Windows pomocí MFC : (Na CD najdete plnou verzi Microsoft Visual C++ 6.0 Introductory Edition a soubory s příklady z knihy v původní i lokalizované podobě)

Gespeichert in:
Bibliographische Detailangaben
1. Verfasser: Prosise, Jeff (Verfasst von)
Format: Paket Buch
Sprache:Tschechisch
Veröffentlicht: Praha : Computer Press, 2002
Ausgabe:2. vyd
Schlagworte:
Tags: Tag hinzufügen
Keine Tags, Fügen Sie das erste Tag hinzu!

MARC

LEADER 00000npm a22000003a 4500
001 stu84508
005 20150617225632.6
008 040304s2002----xr------------------cze-d
040 |a STU  |b slo 
041 0 |a cze 
044 |a xr 
080 |a 004.42.045 
100 1 |a Prosise, Jeff  |4 aut 
245 1 |a Programování ve Windows pomocí MFC :  |b (Na CD najdete plnou verzi Microsoft Visual C++ 6.0 Introductory Edition a soubory s příklady z knihy v původní i lokalizované podobě) 
250 |a 2. vyd 
260 |a Praha :  |b Computer Press,  |c 2002 
650 7 |a programové systémy  |2 stusub 
650 7 |a programovanie objektové  |2 stusub 
650 7 |a Windows  |2 stusub 
996 |b 284M058783  |c M*CD-451  |l MMKN  |s A  |a 24  |w stu84508_0001